000 00678nam a2200241Ia 4500
003 OSt
005 20220928111306.0
006 a|||||r|||| 00| 0
007 ta
008 220927b |||||||| |||| 00| 0 eng d
024 _a6696
037 _cTextual
040 _aSDCL
_cSDCL
_beng
041 _2eng
_aeng
082 _aD65,4:(B252), N5
100 _aPeterson Roger L
_9423044
245 0 _aIntroduction to spread-spectrum communications.
260 _aDelhi
_bPearson
_c1995
300 _a715p
_ccm.
700 _a Ziemer Rodger E
_9423045
942 _hD65,4:(B252), N5
_cTEXL
_2CC
999 _c739515
_d739515